Catálogo
 En Linea

Estatización bancaria en México : (Registro nro. 33971)

Detalles MARC
000 -CABECERA
campo de control de longitud fija 00705nam a2200193 a 4500
001 - NÚMERO DE CONTROL
campo de control 000034480
005 - FECHA Y HORA DE LA ÚLTIMA TRANSACCIÓN
campo de control 20200930073726.0
008 - DATOS DE LONGITUD FIJA--INFORMACIÓN GENERAL
campo de control de longitud fija 111005s2009 mx a 000 0 spa d
020 ## - NÚMERO INTERNACIONAL ESTÁNDAR DEL LIBRO
Número Internacional Estándar del Libro 9786079513801
040 ## - FUENTE DE LA CATALOGACIÓN
Centro catalogador/agencia de origen DO-SdBNP
Lengua de catalogación spa
Centro/agencia transcriptor BNPHU
082 ## - NÚMERO DE LA CLASIFICACIÓN DECIMAL DEWEY
Número de clasificación xxx
Número de documento/Ítem T95e
100 1# - ENTRADA PRINCIPAL--NOMBRE DE PERSONA
Nombre de persona Turrent Díaz, Eduardo
9 (RLIN) 59920
245 10 - MENCIÓN DE TÍTULO
Título Estatización bancaria en México :
Resto del título antecedentes, causas y consecuencias /
Mención de responsabilidad, etc. Eduardo Turrent Díaz.
260 ## - PUBLICACIÓN, DISTRIBUCIÓN, ETC.
Lugar de publicación, distribución, etc. México :
Nombre del editor, distribuidor, etc. Centro de Estudios Espinosa Yglesias,
Fecha de publicación, distribución, etc. 2009.
300 ## - DESCRIPCIÓN FÍSICA
Extensión 465 p. :
Otras características físicas graf. ;
Dimensiones 24 cm.
500 ## - NOTA GENERAL
Nota general Incluye datos biográficos del autor en la solapa de la cubierta
500 ## - NOTA GENERAL
Nota general Incluye notas al pie de las páginas
504 ## - NOTA DE BIBLIOGRAFÍA, ETC.
Nota de bibliografía, etc. Bibliografía : p. 447-464
Existencias
Estado de retiro Estado de pérdida Restricciones de uso No para préstamo Código de colección Localización permanente Ubicación/localización actual Ubicación en estantería Fecha de adquisición Número de inventario Total de préstamos Signatura topográfica completa Código de barras Fecha visto por última vez Precio válido a partir de Tipo de ítem Koha Número de copia
        Monografías: Libros y Folletos General General Depósito 05.10.2011 LF1   xxx T95e 34480-10 25.06.2020 25.06.2020 Préstamo en sala  
      Excluido de préstamo Monografías: Libros y Folletos General General Depósito 20.03.2012 LF1   xxx T95e 34480-20 25.06.2020 25.06.2020 No se presta e. 2

Con tecnología Koha